| 000 | 00351nam a2200133Ia 4500 | ||
|---|---|---|---|
| 008 | 190216s9999||||xx |||||||||||||| ||und|| | ||
| 100 | _aSumangala | ||
| 245 | 2 | _aA Course Meterial 0n Methodology Of Science And Physics | |
| 250 | _aI | ||
| 260 |
_bCalicut University Central Co-Operative _c2000 |
||
| 300 | _a70 | ||
| 650 | _aPhysics | ||
| 942 | _cBK | ||
| 999 |
_c34715 _d34715 |
||